000
00225nam a2200097Ia 4500
008
190216s9999||||xx |||||||||||||| ||und||
100
_a
Akbar Kakkattil
245
0
_a
Katharkutty Utharave
260
_b
K R Brothers
942
_c
BK
999
_c
27525
_d
27525